banner-ar

معالجة السكرى بالتمرينات الرياضية / (Record no. 67010)

MARC details
000 -الفاتح
حقل البيانات ثابتة الطول 00739nam a22002297a 4500
005 - وقت وتاريخ اخر تعامل مع التسجيلة
رقم الضبط 20240530110952.0
008 - عناصر البيانات ثابتة الطول - معلومات عامة
حقل البيانات ثابتة الطول 221204s2009 au a f b 000 0 eng d
017 ## - رقم الايداع القانونى
رقم الايداع القانونى 2006/7/1990
040 ## - مصدر الفهرسة
وكالة الفهرسة الأصلية EG-CaGPL
وكالة النسخ EG-CaGPL
082 04 - رقم تصنيف ديوى العشرى
رقم الطبعة 21
رقم التصنيف 616.466
رقم المادة ب م
100 0# - المدخل الرئيسى - إسم شخصى
الإسم الشخصى بزار على جوكل
245 10 - بيان العنوان
العنوان معالجة السكرى بالتمرينات الرياضية /
بيان المسئوليه,etc تاليف بزار على جوكل
250 ## - بيان الطبعة
بيان الطبعة ط.1
260 ## - PUBLICATION, DISTRIBUTION, ETC. (IMPRINT)
تاريخ النشر أو التوزيع 2009
300 ## - الوصف المادى
التعداد 143 ص. ؛
أبعاد الوعاء 24 سم.
650 07 - المدخل الاضافى بالموضوع-مصطلح موضوعى
مصدر الرأس أو المصطلح qrmak
مصطلح موضوعي مرض السكر
650 07 - المدخل الاضافى بالموضوع-مصطلح موضوعى
مصطلح موضوعي التمرينات الرياضية
651 ## - المدخل الاضافى بالموضوع - اسم جغرافى
مصدر الرأس أو المصطلح qrmak
700 ## - المدخل الاضافى - اسم شخصى
الإسم الشخصى بزار على جوكل
942 ## - عناصر المدخل الإضافي( كوها)
مصدر التصنيف او مخطط الترفيف Dewey Decimal Classification
Koha [default] item type كتاب
260 ## - PUBLICATION, DISTRIBUTION, ETC. (IMPRINT)
-- عمان :
-- دار دجلة،
Holdings
حالة التراجع حالة الفقد حالة تلف ليس للاعارة المكان المؤقت الموقع الحالى موقع الترفيف تاريخ الاكتساب اجمالي اﻻعارات رقم الطلب الباركود تاريخ اخر مشاهدة تاريخ تفعيل السعر نوع وعاء كوها
        مكتبة القاهرة الكبرى مكتبة القاهرة الكبرى قاعة العلوم التطبيقية_ك عربى 12/14/2022   616.466 ب م 169030 12/14/2022 12/14/2022 كتاب

Powered By

EGPV